01601cam a22003494a 4500999001900000001000900019005001700028008004100045010001700086020002500103040001800128042000800146050002200154082001800176100002600194245009800220260004300318300003300361505031300394650003300707650003700740650003300777650005300810650004500863650005600908650003500964650002600999700003401025906004501059942002301104952012401127 c330694d3306941627507120170731103454.0100609s2010 nyua 000 0 eng  a 2010023886 a9780230222502 (pbk.) aDLCcDLCdDLC apcc00aZA3075b.G75 201000a001.4,GRI2221 aGrix, Jonathan.9365110aInformation skills :bfinding and using the right resources /cJonathan Grix, Gerald Watkins. aNew York :bPalgrave Macmillan,c2010. avi, 163 p. :bill. ;c22 cm.8 aIntroduction (Page-1), Back to Basics-Understanding and Categorizing Research Material (Page-7), The Literature Review (Page-27), Online Resources Provided by Libraries and the Academic Community (Page-51), Going it Alone on the Internet (Page-87), Referencing and Plagiarism (Page-104), Glossary (Page-131). 0aResearchxMethodology.93652 0aSocial sciencesxResearch.93653 0aInformation retrieval.93654 0aElectronic information resource searching.93655 0aInformation resourcesxEvaluation.93656 0aElectronic information resourcesxEvaluation.93657 0aDissertations, Academic.93658 0aReport writing.932461 aWatkins, Gerald,d1954-93659 a7bcbccorignewd1eecipf20gy-gencatlg 2ddccBKk001.4,GRI 00102ddc4070aMCSbMCScGENd2017-07-31l0o001.4,GRIp37787r2017-07-31w2017-07-31yBKzAlmirah No.44, Shelf No.1